Acta Bibliothecæ Regiæ Stockholmiensis.

Bibliographic Details
Corporate Author: Kungliga Biblioteket (Sweden)
Format: Serial
Language:Swedish
German
English
Language Notes:In Swedish, German, or English.
Published: [Stockholm] : [Kungl. Biblioteket], [1961-]
Subjects:
Online Availability: Check for online availability

MARC

Tag First Indicator Second Indicator Subfields
LEADER 00000cas a2200000Ia 4500
001 in00002327821
005 20151108041638.0
008 770614c19619999sw x m 0 b0swe d
022 |a 0065-1060 
029 1 |a NLGGC  |b 831390468 
035 |a (OCoLC)ocm03040426 
035 |a (OCoLC)3040426 
040 |a YUS  |c YUS  |d NYG  |d MUL  |d WAU  |d NLGGC  |d TXA  |d UtOrBLW 
041 0 |a swe  |a ger  |a eng 
049 |a TXAM 
084 |a 06.00  |2 bcl 
090 |a Z674  |b .S8 
092 |a 020.8  |b A188 
245 0 0 |a Acta Bibliothecæ Regiæ Stockholmiensis. 
264 1 |a [Stockholm] :  |b [Kungl. Biblioteket],  |c [1961-] 
300 |a volumes :  |b illustrations ;  |c 25 cm. 
336 |a text  |b txt  |2 rdacontent 
337 |a unmediated  |b n  |2 rdamedia 
338 |a volume  |b nc  |2 rdacarrier 
362 0 |a 1- 
546 |a In Swedish, German, or English. 
650 0 |a Library science. 
710 2 |a Kungliga Biblioteket (Sweden) 
994 |a C0  |b TXA 
948 |a cataloged  |b h  |c 2007/9/10  |d c  |e lfurubot 
999 |a MARS 
999 f f |s 19353ea2-d515-3341-a518-5b1be49db1fd  |i 60ac8383-65b2-3cbc-9139-000e325e2f14  |t 0 
952 f f |a Texas A&M University  |b College Station  |c Sterling C. Evans Library  |d Evans: Library Stacks  |t 0  |e Z674 .S8  |h Library of Congress classification 
998 f f |a Z674 .S8  |s no.16,60  |t 0  |l Evans: Library Stacks